La ola portadora (Record no. 7886)

MARC details
000 -LEADER
campo de control de longitud fija 01175nam a2200337 i 4500
001 - NÚMERO DE CONTROL
campo de control 7886
003 - IDENTIFICADOR DE NÚMERO DE CONTROL
campo de control ES-MaACL
005 - FECHA Y HORA DE LA ÚLTIMA TRANSACCIÓN
campo de control 20250824212750.0
007 - CAMPO FIJO DE DESCRIPCIÓN FÍSICA--INFORMACIÓN GENERAL
campo de control de longitud fija t|
008 - DATOS DE LONGITUD FIJA--INFORMACIÓN GENERAL
campo de control de longitud fija 910517s1991 sp |||| | spa d
020 ## - NÚMERO INTERNACIONAL ESTÁNDAR DEL LIBRO
Número Internacional Estándar del Libro 84-86094-71-2
080 ## - NÚMERO DE LA CLASIFICACIÓN DECIMAL UNIVERSAL
Número de la Clasificación Decimal Universal 62/69:338.1(091)
080 ## - NÚMERO DE LA CLASIFICACIÓN DECIMAL UNIVERSAL
Número de la Clasificación Decimal Universal 004(091)
080 ## - NÚMERO DE LA CLASIFICACIÓN DECIMAL UNIVERSAL
Número de la Clasificación Decimal Universal 338.12
100 1# - ENTRADA PRINCIPAL--NOMBRE DE PERSONA
Nombre de persona Hall, Peter Geoffrey (
Fechas asociadas al nombre 1932-)
9 (RLIN) 155444
245 13 - MENCIÓN DEL TÍTULO
Título La ola portadora
Resto del título : nuevas tecnologías de la información y geografía de las innovaciones, 1846-2003 /
Mención de responsabilidad, etc. Peter Hall, Paschal Preston ; prólogo de Aquilino Morcillo Crovetto.
260 ## - PUBLICACIÓN, DISTRIBUCIÓN, ETC.
Lugar de publicación, distribución, etc. Madrid :
Nombre del editor, distribuidor, etc. Fundesco,
Fecha de publicación, distribución, etc. D.L. 1991.
300 ## - DESCRIPCIÓN FÍSICA
Extensión 323 p. ;
Dimensiones 24 cm.
490 1# - MENCIÓN DE SERIE
Mención de serie Los libros de Fundesco ;
Designación de volumen o secuencia 4
500 ## - NOTA GENERAL
Nota general Índice temático.
504 ## - NOTA DE BIBLIOGRAFÍA, ETC.
Nota de bibliografía, etc. Bibliografía: p. 307-318.
650 #7 - PUNTO DE ACCESO ADICIONAL DE MATERIA--TÉRMINO DE MATERIA
Término de materia o nombre geográfico como elemento de entrada Innovaciones tecnológicas
Fuente del encabezamiento o término embne
9 (RLIN) 13790
650 14 - PUNTO DE ACCESO ADICIONAL DE MATERIA--TÉRMINO DE MATERIA
Término de materia o nombre geográfico como elemento de entrada Tecnología de la información-
Subdivisión de forma Historia.
9 (RLIN) 155446
650 04 - PUNTO DE ACCESO ADICIONAL DE MATERIA--TÉRMINO DE MATERIA
Término de materia o nombre geográfico como elemento de entrada Ciclos económicos.
9 (RLIN) 10923
700 1# - ENTRADA AGREGADA--NOMBRE PERSONAL
Nombre de persona Preston, Paschal.
9 (RLIN) 93796
700 1# - ENTRADA AGREGADA--NOMBRE PERSONAL
Nombre de persona Morcillo Crovetto, Aquilino.
9 (RLIN) 83187
710 1# - ENTRADA AGREGADA--NOMBRE DE ENTIDAD CORPORATIVA
Nombre de entidad corporativa o nombre de jurisdicción como elemento de entrada FUNDESCO.
9 (RLIN) 4438
830 04 - PUNTO DE ACCESO ADICIONAL DE SERIE-TÍTULO UNIFORME
Título uniforme Los libros de Fundesco
Designación de volumen o secuencia 4
9 (RLIN) 227932
852 ## - LOCALIZACIÓN
Ubicación ES-MaACL
Número de control de estantería L-15141
Holdings
Estatus retirado Estado de pérdida Estado de daño No para préstamo Biblioteca de origen Biblioteca actual Ubicación en estantería Fecha de adquisición Fuente de adquisición Total de préstamos Signatura topográfica completa Código de barras Visto por última vez Precio de reemplazo Tipo de ítem Koha
        Biblioteca del Ateneo de Madrid Biblioteca del Ateneo de Madrid Depósito 2 17/01/2008     L-15141 1008043 23/02/2023 23/02/2023 Libro impreso